Konštrukčné materiály 2001 : 3. Vedecká konferencia s medzinárodnou účasťou. Košice 23. mája 2001

Gespeichert in:
Bibliographische Detailangaben
Format: Buch
Sprache:Slowakisch
Englisch
Veröffentlicht: Košice : Vedecká spoločnosť pre náuku o kovoch , 2001
Schlagworte:
Tags: Tag hinzufügen
Keine Tags, Fügen Sie das erste Tag hinzu!

MARC

LEADER 00000nam a22000003a 4500
001 stu61109
005 20150617225654.0
008 010905s2001----xo------------------slo-d
020 |a 80-7099-658-7 
040 |a STU  |b slo 
041 0 |a slo  |a eng 
044 |a xo 
080 |a 624.01(082) 
100 1 |a Longauerová, Margita  |4 lso 
245 1 |a Konštrukčné materiály 2001 :  |b 3. Vedecká konferencia s medzinárodnou účasťou. Košice 23. mája 2001 
260 |a Košice :  |b Vedecká spoločnosť pre náuku o kovoch ,  |c 2001 
300 |a 64 s 
650 7 |a materiály konštrukčné  |2 stusub 
996 |b 284M033143  |c M*Z-1836  |l MMKN  |s A  |a 24  |w stu61109_0001